| 000 | 00472nam a2200169Ia 4500 | ||
|---|---|---|---|
| 001 | 22790 | ||
| 005 | 20260414150854.0 | ||
| 008 | 260414t2011||||xx |||||||||||||| ||spa|| | ||
| 041 | _aESP | ||
| 082 |
_a622.8 _bS17 |
||
| 100 |
_aSalvatierra de Vega , Belén _eAUT |
||
| 245 | 0 |
_aCultura de seguridad laboral para el minero : _binvestigación realizadas con mineros peruanos (1998-2008) |
|
| 260 | _c2011 | ||
| 650 | _aTCA | ||
| 654 | _aCIC | ||
| 942 |
_cLIB _dJUS _fJUS _2ddc _n |
||
| 999 |
_c22790 _d22790 |
||